| 000 | 00692nam a2200217Ia 4500 | ||
|---|---|---|---|
| 001 | 14085 | ||
| 003 | GE_BSU | ||
| 008 | 181216s||||||||xx |||||||||||||| ||und|| | ||
| 040 | _cGE_BSU | ||
| 100 | _aელიავა,ი ნახუცრიშვილი გ. ქაჯაია გ. | ||
| 245 | _aეკოლოგიის საფუძვლები | ||
| 250 | _a2 გამოც. | ||
| 260 | _aთბილისი | ||
| 260 | _bთბილისის სახ.უნ-ტი | ||
| 260 | _c2009 | ||
| 300 | _a249გვ. | ||
| 541 | _h20ლ. | ||
| 653 | _aეკოლოგია | ||
| 653 | _aეკოლოგიის საფუძვლები | ||
| 942 | _cBK | ||
| 999 |
_c47225 _d47225 |
||